000 00777nam a22002417a 4500
999 _c1693
_d1693
003 AR-CdUCM
008 190227b ||||| |||| 00| 0 spa d
040 _aMUNICIPALIDAD PROVINCIAL DEL CUSCO
_cBIBLIOTECA MUNICIPAL DEL CUSCO
082 _a868.74 /
_bR96
100 _aRuse, Jean
_96268
245 _aLa obra de Gabriel René Moreno
260 _aPotosí-Bolivia;
_bDivisión de extensión universitaria,
_c1978.
300 _a58 páginas ;
_c18cm.
440 _aSerie H Ensayo y critica
_96269
505 _aPrimera parte-Literatura - Segunda parte-Historia
650 _aLiteratura.
_983
650 _aBolivia.
_91138
650 _aEscritor Boliviano.
_96270
650 _aEnsayo.
_9274
650 _aCritica.
_9666
942 _2ddc
_cLIBROS
945 _admma
_d2019-02-27